Những kĩ thuật mới phần cứng máy tính

Đã lưu trong:
书目详细资料
主要作者: Bryan Pfaffenberger
格式: 图书
语言:Undetermined
出版: Hà Nội Thống Kê 1996
主题:
标签: 添加标签
没有标签, 成为第一个标记此记录!
Thư viện lưu trữ: Trung tâm Học liệu Trường Đại học Cần Thơ
LEADER 00531nam a2200169Ia 4500
001 CTU_22043
008 210402s9999 xx 000 0 und d
082 |a 621.38195 
082 |b P523 
100 |a Bryan Pfaffenberger 
245 0 |a Những kĩ thuật mới phần cứng máy tính 
245 0 |c Bryan Pfaffenberger 
260 |a Hà Nội 
260 |b Thống Kê 
260 |c 1996 
650 |a computer input-output equipment,hardware, computer 
980 |a Trung tâm Học liệu Trường Đại học Cần Thơ